Stations des lignes de tramway des Hauts-de-Seine (T2, 6 et 10) - Statistiques

Statistiques générales
  • Ce quiz a été pris 117 fois
  • Le résultat moyen est 27 sur 57
Réponses sur la Carte
Les réponses sont colorées sur une échelle allant du rouge au vert en fonction du pourcentage des utilisateurs qui les ont devinées à leur premier essai. Vous pouvez retrouver ces pourcentages ci-dessous.
 
Statistiques - réponses
Ligne Arrêt % Correct
2 La Défense - Grande Arche
89%
2 Porte de Versailles - Parc des Expositions
85%
2 Puteaux
81%
2 Pont de Bezons
80%
2 Suresnes - Longchamp
72%
2 Issy-Val de Seine
69%
2 Les Moulineaux
69%
2 Parc de Saint-Cloud
68%
2 Musée de Sèvres
67%
2 Meudon-sur-Seine
63%
2 Suzanne Lenglen
61%
2 Les Coteaux
59%
2 Porte d'Issy - Éliane Jeannin-Garreau
59%
6 Vélizy 2
59%
6 Châtillon - Montrouge
58%
2 Brimborion
56%
2 Belvédère
55%
2 Les Milons
53%
6 Viroflay - Rive Droite
53%
2 Jacques-Henri Lartigue
52%
10 La Croix de Berny - Parc de Sceaux
52%
6 Viroflay - Rive Gauche
52%
2 Henri Farman - Porte de Seine
49%
6 Hôpital Béclère
49%
2 Charlebourg
48%
2 Faubourg de l'Arche
47%
10 Jardin Parisien
44%
2 Victor Basch
44%
2 Les Fauvelles
42%
6 Meudon-la-Forêt
42%
6 Centre de Châtillon
41%
2 Jacqueline Auriol
41%
2 Parc Pierre Lagravère
41%
6 Soleil Levant
41%
10 La Vallée
40%
6 Mairie de Vélizy
40%
6 Division Leclerc
39%
6 Georges Pompidou
39%
10 Malabry
36%
6 Vauban
36%
6 Georges Millandy
35%
6 Mail de la Plaine
35%
6 Parc André Malraux
35%
10 Théâtre La Piscine
35%
6 Inovel Parc Nord
34%
6 L'Onde - Maison des Arts
34%
6 Pavé Blanc - Parc Novéos
34%
6 Robert Wagner
34%
10 Noveos
33%
10 Petit-Châtenay
33%
10 Vallée aux Loups
33%
10 Parc des Sports
31%
10 Cité-Jardin
30%
6 Louvois
30%
10 Le Hameau
28%
6 Dewoitine
26%
10 Les Peintres
25%
Aucun quiz correspondant
Distribution des résultats
% des personnes avec chaque résultat
Percentile par nombre de réponses
Votre historique - résultats
Vous n’avez pas pris ce quiz